Los caballeros (Record no. 125158)

MARC details
000 -LEADER
campo de control de longitud fija 00863nam a2200241 i 4500
001 - NÚMERO DE CONTROL
campo de control 125158
003 - IDENTIFICADOR DE NÚMERO DE CONTROL
campo de control ES-MaACL
005 - FECHA Y HORA DE LA ÚLTIMA TRANSACCIÓN
campo de control 20230906192551.0
007 - CAMPO FIJO DE DESCRIPCIÓN FÍSICA--INFORMACIÓN GENERAL
campo de control de longitud fija t|
008 - DATOS DE LONGITUD FIJA--INFORMACIÓN GENERAL
campo de control de longitud fija 070504s1932 sp ||||1| spa d
080 ## - NÚMERO DE LA CLASIFICACIÓN DECIMAL UNIVERSAL
Número de la Clasificación Decimal Universal 86-22"19"
100 1# - ENTRADA PRINCIPAL--NOMBRE DE PERSONA
Nombre de persona Quintero, Antonio.
9 (RLIN) 94718
245 13 - MENCIÓN DEL TÍTULO
Título Los caballeros
Resto del título : comedia popular en tres actos y en prosa /
Mención de responsabilidad, etc. por Antonio Quintero y Pascual Guillén ; dibujos de Antonio Merlo.
260 ## - PUBLICACIÓN, DISTRIBUCIÓN, ETC.
Lugar de publicación, distribución, etc. Madrid :
Nombre del editor, distribuidor, etc. Rivadeneyra,
Fecha de publicación, distribución, etc. 1932.
300 ## - DESCRIPCIÓN FÍSICA
Extensión 60 p. ;
Dimensiones 17 cm.
490 1# - MENCIÓN DE SERIE
Mención de serie La Farsa ;
Designación de volumen o secuencia 252
500 ## - NOTA GENERAL
Nota general Estrenada en el Teatro de la Zarzuela, de Madrid, la noche del 18 de diciembre de 1931.
500 ## - NOTA GENERAL
Nota general Cubierta de este número : una interesante escena de Los Caballeros.
700 1# - ENTRADA AGREGADA--NOMBRE PERSONAL
Nombre de persona Guillén Aznar, Pascual.
9 (RLIN) 60778
830 0# - PUNTO DE ACCESO ADICIONAL DE SERIE-TÍTULO UNIFORME
Título uniforme La Farsa ;
Designación de volumen o secuencia 252
9 (RLIN) 185863
852 ## - LOCALIZACIÓN
Ubicación ES-MaACL
Número de control de estantería 2220-F-2
Holdings
Estatus retirado Estado de pérdida Estado de daño No para préstamo Colección Biblioteca de origen Biblioteca actual Ubicación en estantería Fecha de adquisición Fuente de adquisición Total de préstamos Signatura topográfica completa Código de barras Visto por última vez Precio de reemplazo Tipo de ítem Koha
        Colección de folletos Biblioteca del Ateneo de Madrid Biblioteca del Ateneo de Madrid Depósito folletos 17/01/2008     2220-F-2 1130392 23/02/2023 23/02/2023 Folleto